Plato on rhetoric and language: four key dialogues

Saved in:
Bibliographic Details
Format: Book
Language:English
Published: Mahwah Lawrence Erlbaum Associates 1999
Subjects:
Tags: Add Tag
No Tags, Be the first to tag this record!

MARC

LEADER 00000nam a2200000 a 4500
001 UCP7782
003 CL-VaPUC
008 991223e19990000us |||||||||||||||||eng|d
082 0 4 |a 184  |b PLA  |2 21 
245 1 0 |a Plato on rhetoric and language: four key dialogues 
300 |a 220 p 
942 |c BK 
945 |d 19991223 00:00:00  |a vberengu 
260 |a Mahwah  |b Lawrence Erlbaum Associates  |c 1999 
600 0 7 |a PROTAGORAS  |2 CL-VaPUC  |9 335223 
650 0 |a Filosofía platónica  |9 269135 
650 0 |a Lenguaje   |9 265069 
650 0 |a Lenguas  |9 324269 
650 0 |a Retórica   |9 266620 
583 |a last modification  |c 20171120 05:48:02  |k Rodrigo Vera 
999 |c 284828  |d 284826 
952 |0 0  |1 0  |4 0  |6 184_000000000000000_PLA_1999  |7 0  |8 A  |9 329078  |a FDOPOS  |b FDOPOS  |d 2019-11-20  |i 3576868  |o 184 PLA 1999  |p 3576868  |r 2025-01-22  |w 2019-11-20  |y BK  |k MLA